00553cam a22002057a 4500003000500000005001700005008004100022010001000063011001000073035001000083040000900093082001600102100002000118245004100138260004800179300001100227490003000238650002800268830005100296CHAP20230822062638.0971013c19841975 r 00010 d a43778 a44750 a48888 cCHAP a338.9bF86Y00aFurtado, Celso.13aEl desarrollo económicob: un mito aMéxico, D.F. :bSiglo XXI,c1984 (c.1975) a141 p. 0aEconomía y demografía14aDesarrollo económico.04aEconomía y demografía (Siglo XXI Editores)